[Event "Haarlem Masters 2016"]
[Site "Haarlem NED"]
[Date "2016.10.23"]
[Round "9.3"]
[White "Warakomska, Anna"]
[Black "Willemze, Thomas"]
[Result "1/2-1/2"]
[WhiteTitle "WIM"]
[BlackTitle "IM"]
[WhiteElo "2365"]
[BlackElo "2401"]
[WhiteFideId "1130790"]
[BlackFideId "1007238"]
[EventDate "2016.10.15"]

1. e4 d5 2. exd5 Qxd5 3. Nc3 Qa5 4. d4 Nf6 5. Nf3 Bf5 6. Bc4 e6 7. Bd2 Bb4 8. a3
Bxc3 9. Bxc3 Qb6 10. d5 Nbd7 11. dxe6 Bxe6 12. Qe2 O-O 13. Bxe6 Rae8 14. O-O
Qxe6 15. Qxe6 Rxe6 16. Rfe1 Rfe8 1/2-1/2

[Event "Haarlem Masters 2016"]
[Site "Haarlem NED"]
[Date "2016.10.23"]
[Round "9.4"]
[White "Umudova, Nargiz"]
[Black "De Jager, Jaap"]
[Result "0-1"]
[WhiteTitle "WGM"]
[BlackTitle "FM"]
[WhiteElo "2267"]
[BlackElo "2417"]
[WhiteFideId "13402137"]
[BlackFideId "1002830"]
[EventDate "2016.10.15"]

1. e4 e6 2. d4 d5 3. Nc3 Bb4 4. e5 c5 5. a3 Bxc3+ 6. bxc3 Qc7 7. Nf3 b6 8. Bb5+
Bd7 9. a4 Bxb5 10. axb5 Ne7 11. h4 a5 12. bxa6 Rxa6 13. Rxa6 Nxa6 14. h5 h6 15.
Qe2 Nb8 16. O-O Nd7 17. Qa6 O-O 18. Bd2 Rc8 19. Rb1 Rb8 20. Bc1 Qc6 21. Qb5 Qxb5
22. Rxb5 cxd4 23. Ba3 Nc6 24. cxd4 Na5 25. Rb1 Nc4 26. Bb4 Ra8 27. Ne1 Ra2 28.
Kf1 Nb8 29. Ke2 Nc6 30. Bc3 f6 31. f4 f5 32. Ra1 Rxa1 33. Bxa1 g6 34. hxg6 Kg7
35. Bc3 Kxg6 36. Nd3 Na3 37. Ne1 Kh5 38. Kd3 Kg4 39. Bd2 Kg3 40. c3 Nc4 41. Be3
Ne7 42. Ke2 Nxe3 43. Kxe3 Ng6 44. c4 dxc4 45. d5 exd5 46. e6 Ne7 47. Nc2 h5 48.
Kd4 Kxf4 49. Nb4 c3 50. Nd3+ Kg3 51. Kxc3 h4 52. Kd4 Kxg2 53. Ke3 h3 54. Nf4+
Kg3 55. Ne2+ Kg4 56. Kf2 b5 0-1

[Event "Haarlem Masters 2016"]
[Site "Haarlem NED"]
[Date "2016.10.23"]
[Round "9.5"]
[White "L'Ami, Alina"]
[Black "Schippers, Maurice"]
[Result "1/2-1/2"]
[WhiteTitle "IM"]
[WhiteElo "2322"]
[BlackElo "2266"]
[WhiteFideId "1210246"]
[BlackFideId "1004735"]
[EventDate "2016.10.15"]

1. d4 Nf6 2. c4 c5 3. d5 b5 4. cxb5 a6 5. bxa6 g6 6. Nc3 Bxa6 7. e4 Bxf1 8. Kxf1
d6 9. Nf3 Bg7 10. g3 O-O 11. Kg2 Nbd7 12. a4 Qb6 13. Ra3 Rfb8 14. Qc2 Ne8 15. h4
h6 16. Nb5 Nc7 17. Nxc7 Qxc7 18. b3 c4 19. Be3 c3 20. Nd4 Qc5 21. Nb5 Qb4 22.
Raa1 Nc5 23. Bxc5 Qxc5 24. Rad1 Rf8 25. Rhe1 Rac8 26. f4 h5 27. Kh2 Kh7 28. e5
dxe5 29. fxe5 Rfd8 30. d6 exd6 31. exd6 Rd7 32. Rd3 f5 33. Re6 Rf8 34. Rde3 Bf6
35. Rxf6 Qxe3 36. Rxf8 Rxd6 37. Qxc3 Qf2+ 38. Kh3 Qf1+ 39. Kh2 Qf2+ 40. Kh3 Qf1+ 1/2-1/2